Catálogo
 En Linea

Mateo Morrison : (Registro nro. 58289)

Detalles MARC
000 -CABECERA
campo de control de longitud fija 02458nam a2200325 i 4500
003 - IDENTIFICADOR DEL NÚMERO DE CONTROL
campo de control DO-SdBNP
005 - FECHA Y HORA DE LA ÚLTIMA TRANSACCIÓN
campo de control 20250428140958.0
008 - DATOS DE LONGITUD FIJA--INFORMACIÓN GENERAL
campo de control de longitud fija 250428b2024 dr ||||| |||| 00| 0 spa d
020 ## - NÚMERO INTERNACIONAL ESTÁNDAR DEL LIBRO
Número Internacional Estándar del Libro 9789945510775
040 ## - FUENTE DE LA CATALOGACIÓN
Centro catalogador/agencia de origen DO-SdBNP
Lengua de catalogación spa
Centro/agencia transcriptor BNPHU
Normas de descripción rda
041 ## - CÓDIGO DE LENGUA
Código de lengua del texto/banda sonora o título independiente spa
082 #4 - NÚMERO DE LA CLASIFICACIÓN DECIMAL DEWEY
Número de clasificación 0
Número de documento/Ítem M878m
Número de edición 22
100 1# - ENTRADA PRINCIPAL--NOMBRE DE PERSONA
Nombre de persona Matos Moquete, Manuel,
Fechas asociadas al nombre 1944-
Término indicativo de función/relación autor
Código de función/relación aut.
9 (RLIN) 6349
245 00 - MENCIÓN DE TÍTULO
Título Mateo Morrison :
Resto del título plenitud de vida y escritura /
Mención de responsabilidad, etc. selección y estudio de Manuel Matos Moquete ; revisión del texto original José Mercedes Bratini ; corrección María del Carmen Vicente, Modesto Cuesta y Apolinar Liz Rodríguez
250 ## - MENCIÓN DE EDICIÓN
Mención de edición Primera edición
264 #4 - PRODUCCIÓN, PUBLICACIÓN, DISTRIBUCIÓN, FABRICACIÓN Y COPYRIGHT
Producción, publicación, distribución, fabricación y copyright Santo Domingo, República Dominicana :
Nombre del de productor, editor, distribuidor, fabricante Editora Nacional,
Fecha de producción, publicación, distribución, fabricación o copyright ©2024.
300 ## - DESCRIPCIÓN FÍSICA
Extensión 349 páginas ;
Dimensiones 23 cm
336 ## - TIPO DE CONTENIDO
Término de tipo de contenido texto
Código de tipo de contenido txt
Fuente rdacontent
337 ## - TIPO DE MEDIO
Nombre/término del tipo de medio sin mediación
Código del tipo de medio n
Fuente rdamedia
338 ## - TIPO DE SOPORTE
Nombre/término del tipo de soporte volumen
Código del tipo de soporte nc
Fuente rdacarrier
490 0# - MENCIÓN DE SERIE
Mención de serie Colección homenaje
500 ## - NOTA GENERAL
Nota general Incluye datos biográficos del autor en la solapa de la cubierta.
505 ## - NOTA DE CONTENIDO CON FORMATO
Nota de contenido con formato Prólogo /
Mención de responsabilidad Mateo Morrison, 13 --
Título Un poeta vigente y constante, 17 --
-- Poesía, 65 --
-- Del libro: Aniversario del dolor, 65 --
-- Del libro: Visiones del transeúnte, 85 --
-- Del libro: Si la casa se llena de sombras, 97 --
-- Del libro: A propósito de imágenes, 115 --
-- Del libro: Nocturnidad del viento, 123 --
-- Del libro: Soliloquio desnudo, 131 --
-- Del libro: Dorothy Dandridge, 137 --
-- Del libro: Espasmos en la noche, 143 --
-- Del libro: Estático en la memoria y otros textos, 157 --
-- Del libro: Pasajero del aire, 167 --
-- Del libro: Ojos de madre, vientos de guerra, 175 --
-- Del libro: El abrazo de las sombras, 181 --
-- Del libro: Tempestad del silencio, 193 --
-- Del libro: Terreno de Eros. Liquidas formas del gozo, 197 --
-- Del libro: Híbridas máscaras, 213 --
-- Narrativa, 225 --
-- De la novela: Un silencio que camina, 225 --
-- Del libro: Caminar con las palabras, 239 --
-- Del libro: Poesía, filosofía y ciencia a través de varios textos fundamentales. «Espacio» de Juan Raman Jiménez: poesía y filosofía, 255 --
-- Del libro: Juan Sánchez Lamouth: como poeta de la negritud, 291 --
-- Apéndices, 313 --
-- Bibliografías activa y pasiva de Mateo Morrison, 341.
590 ## - NOTA LOCAL (RLIN)
Nota local Inventariado, 2025 /LP
700 1# - PUNTO DE ACCESO ADICIONAL--NOMBRE DE PERSONA
Nombre de persona Vicente, María del Carmen,
Término indicativo de función/relación corrector
9 (RLIN) 57201
700 1# - PUNTO DE ACCESO ADICIONAL--NOMBRE DE PERSONA
Nombre de persona Cuesta, Modesto
Término indicativo de función/relación corrector
Código de función/relación corr.
9 (RLIN) 3209
700 1# - PUNTO DE ACCESO ADICIONAL--NOMBRE DE PERSONA
Nombre de persona Liz Rodríguez, Apolinar
Término indicativo de función/relación corrector
Código de función/relación corr.
9 (RLIN) 84877
910 ## - DATOS DE OPCIÓN DEL USUARIO (OCLC)
Datos de opción del usuario LP
942 ## - ELEMENTOS DE PUNTO DE ACCESO ADICIONAL (KOHA)
Fuente del sistema de clasificación o colocación Dewey Decimal Classification
Tipo de ítem Koha Libro
Existencias
Estado de retiro Estado de pérdida Fuente del sistema de clasificación o colocación Restricciones de uso No para préstamo Código de colección Localización permanente Ubicación/localización actual Ubicación en estantería Fecha de adquisición Fuente de adquisición Total de préstamos Signatura topográfica completa Código de barras Fecha visto por última vez Precio válido a partir de Tipo de ítem Koha Número de copia
    Dewey Decimal Classification Excluido de préstamo   Patrimonio Dominicano Biblioteca Nacional Pedro Henríquez Ureña Biblioteca Nacional Pedro Henríquez Ureña En catalogación 15.11.2024 Depósito Legal   0 M878m 2025-1397 04.03.2025 04.03.2025 Libro  
    Dewey Decimal Classification Excluido de préstamo   Patrimonio Dominicano Biblioteca Nacional Pedro Henríquez Ureña Biblioteca Nacional Pedro Henríquez Ureña En catalogación 15.11.2024 Depósito Legal   0 M878m 2025-1398 04.03.2025 04.03.2025 Libro e.2
    Dewey Decimal Classification Excluido de préstamo   Dominicana de Servicio Biblioteca Nacional Pedro Henríquez Ureña Biblioteca Nacional Pedro Henríquez Ureña En catalogación 15.11.2024 Depósito Legal   0 M878m 2025-1399 04.03.2025 04.03.2025 Libro e.3

Con tecnología Koha